000 00636nam a2200229Ia 4500
003 OSt
005 20221007074153.0
006 a|||||r|||| 00| 0
007 ta
008 221006b |||||||| |||| 00| 0 eng d
024 _a1,591
037 _cReference Collections
040 _aFLL
_cFLL
_beng
041 _2eng
_aeng
082 _aXM55:8:Z2, K51
100 _aRao S.
_9692637
245 0 _aRole of directors in company law
260 _aMadras
_bThe Madras Law Journal Office India
_c1965
650 _aCompany law
942 _hXM55:8:Z2, K51
_cREF
_2CC
999 _c1151413
_d1151413